| 000 | 00782nab a2200265 a 4500 | ||
|---|---|---|---|
| 005 | 20210219162622.0 | ||
| 008 | 991125s1985 mx 000 0 spa u | ||
| 035 | _aUPN01000207760 | ||
| 049 | _aART | ||
| 100 | 1 | _aFigueiredo, José Wnilson | |
| 100 | 1 | _uwnilsonfi@yahoo.com.br | |
| 100 | 1 | _aGarcía Pérez, Francisco F | |
| 100 | 1 | _uffgarcia@us.es | |
| 100 | 1 | _aFrantz, Walter | |
| 100 | 1 | _uwfrantz@unijui.edu.br | |
| 222 | 0 | _aINVESTIGACION EN LA ESCUELA | |
| 245 | 0 | 0 |
_aEscuela pública y educación como práctica de cooperación : _aotra globalización es posible |
| 260 | _aSevilla, España | ||
| 300 | _a25-36 | ||
| 362 | 0 | _a2014 Número 83 | |
| 653 | 0 | _aESCUELA PUBLICA | |
| 653 | 0 | _aGLOBALIZACION | |
| 653 | 0 | _aCOOPERACION EDUCATIVA | |
| 905 | _aArticulo | ||
| 999 |
_c179861 _d179861 |
||